Central Library OPAC University of Rajshahi

Structure, surface, and drainage in South-east England / (Record no. 11426)

MARC details
000 -LEADER
fixed length control field 00818cam a22002651 4500
001 - CONTROL NUMBER
control field 11426
003 - CONTROL NUMBER IDENTIFIER
rucl marc code BD-RjUL
005 - DATE AND TIME OF LATEST TRANSACTION
control field 20211208235126.0
008 - FIXED-LENGTH DATA ELEMENTS--GENERAL INFORMATION
fixed length control field 140126s1955 enk 000 0 eng
035 ## - SYSTEM CONTROL NUMBER
System control number (BD-RjUL)11475
System control number (OCoLC)519423
040 ## - CATALOGING SOURCE
Original cataloging agency DLC
Transcribing agency OKentU
Modifying agency Uk
-- DLC
-- BD-RjUL
Language of cataloging eng
041 ## - LANGUAGE CODE
Language code of text/sound track or separate title eng
082 04 - DEWEY DECIMAL CLASSIFICATION NUMBER
Edition number 19
Classification number 554.22
Author mark and year WOS 1955
100 1# - MAIN ENTRY--PERSONAL NAME
Personal name Wooldridge, Sidney William.
9 (RLIN) 32869
245 10 - TITLE STATEMENT
Title Structure, surface, and drainage in South-east England /
Statement of responsibility, etc. S. W. Wooldridge and D. L. Linton.
260 ## - PUBLICATION, DISTRIBUTION, ETC. (IMPRINT)
Place of publication, distribution, etc. London :
Name of publisher, distributor, etc. G. Philip,
Date of publication, distribution, etc. c1955.
300 ## - PHYSICAL DESCRIPTION
Pagination 176 p. :
Illustrations illus. ;
Size 25 cm.
650 #0 - SUBJECT ADDED ENTRY--TOPICAL TERM
Topical term or geographic name as entry element Physical geography
Geographic subdivision England.
9 (RLIN) 35320
Topical term or geographic name as entry element Rivers
Geographic subdivision England.
9 (RLIN) 35321
700 1# - ADDED ENTRY--PERSONAL NAME
Personal name Linton, David L.,
Relator term joint author.
942 ## - ADDED ENTRY ELEMENTS (KOHA)
Source of classification or shelving scheme Dewey Decimal Classification
Koha item type Books
Holdings
Lost status Source of classification or shelving scheme Damaged status Not for loan Permanent Location Current Location Shelving location Date acquired Source of acquisition Cost, normal purchase price Total Checkouts Full call number Date last seen Copy number Koha item type Collection code
  Dewey Decimal Classification     Central Library, University of Rajshahi Central Library, University of Rajshahi   14/11/1961 Colombo Plan 0.00   554.22 WOS 1955 26/01/2014 C-2 Books  
  Dewey Decimal Classification   Not For Loan Central Library, University of Rajshahi Central Library, University of Rajshahi Reading Room 05/09/1957 B.H. Blackwell 18.60   554.22 WOS 1955 05/06/2017 C-1 Books Non-fiction